000 00656nam a22001457a 4500
020 _a978-0-689-87703-2
082 _a823
_bKEE/N
100 _aKEENE, CAROLYN
245 _aNANCY DREW - GETTING BURNED
260 _aNEW YORK
_bALADDIN PAPERBACKS
_c2006
300 _a146
520 _aNancy is sure the fire was arson even though police and fire chiefs agree it's merely a case of faulty-wiring. She's determined to save the shelter and there are only two ways to do it: 1) prove that someone from Rackham Industries caused the fire, or 2) raise enough money so the shelter can afford a new building. . .
650 _aDETECTIVE
_zUNITED STATES
942 _cBK
999 _c7852
_d7852